000 00644nam a2200193Ii 4500
003 JO-AjNU
008 230605s9999||||xx |||||||||||||| ||und||
040 _aJO-AjNU
_bara
_erda
_cJO-AjNU
041 _aara
050 1 4 _aHB883.F7.1967
100 3 _aهايد، مارجريت؛ ترجمة ميشيل تكلا,
_eauthor
_939120
245 0 0 _aهذا الكوكب المزدحم
264 3 1 _aالقاهرة:دار الكاتب العربي للطباعة والنشر،1967
300 _a105ص
336 _atext
_btxt
_2rdacontent
337 _aunmediated
_bn
_2rdamedia
338 _avolume
_bnc
_2rdacarrier
650 4 _aالسكان
_939121
999 _aA16495
_c20063
_d20063